départements qui ont changé de nom/préfecture au cours du temps - Statistiques

Statistiques générales
  • Ce quiz a été pris 14 fois
  • Le résultat moyen est 17 sur 33
Statistiques - réponses
Date Ce qui a changé Département % Correct
Nouveau nom Cotes d'Armor
79%
1990 Ancien Nom Cotes du nord
71%
Nouveau nom Loire Atlantique
71%
Nouveau nom Alpes-de-Haute-Provence
64%
1957 Ancien Nom Loire inférieure
64%
1800 Préfecture actuelle Marseille
64%
Ardèche, 1790-1790 Ancienne préfecture Privas
64%
1792 Préfecture actuelle Privas
64%
Nouveau nom Pyrénées Atlantiques
64%
Nouveau nom Seine maritime
64%
Var, 1790-1793 Ancienne préfecture Toulon
64%
1974 Préfecture actuelle Toulon
64%
Bouches du Rhône, 1790-1800 Ancienne préfecture Aix en Provence
57%
1974 Préfecture actuelle Aurillac
57%
1970 Ancien Nom Basses alpes
57%
1969 Ancien Nom Basses Pyrénées
57%
Nouveau nom Charente maritime
57%
1797-1974 Ancienne préfecture Draguignan
57%
1804 Préfecture actuelle La roche sur yon/napoléon Vendée
57%
1955 Ancien Nom Seine inférieure
57%
1790-1792 Ancienne préfecture Aubenas
50%
Meuse, 1790-1790 Ancienne préfecture Bar le duc
50%
1790 Préfecture actuelle Bar le duc
50%
1941 Ancien Nom Charente inférieure
50%
Cantal, 1794 Ancienne préfecture Saint flour
43%
Vendée, 1790-1804 Ancienne préfecture Fontenay-le-Comte
36%
Nouveau nom Gironde
36%
1795-1797 Ancienne préfecture Brignoles
29%
1973-1795 Ancienne préfecture Grasse
29%
Nouveau nom Maine et Loire
29%
1790-1790 Ancienne préfecture Saint mihiel
21%
1791 Ancien Nom Mayenne et Loire
14%
1795 Ancien Nom Bec d'ambès
7%
Aucun quiz correspondant
Distribution des résultats
% des personnes avec chaque résultat
Percentile par nombre de réponses
Votre historique - résultats
Vous n’avez pas pris ce quiz